Di chuyển để sống tốt hơn : Di dân nội thị tại thành phố Hồ Chí Minh và Hà Nội (Việt Nam) = Bouger pour vivre mieux : Les mobilites intra-urbaines a Ho Chi Minh ville et Hanoi (Viet Nam)

Đã lưu trong:
Sonraí Bibleagrafaíochta
Formáid: Leabhar
Teanga:Undetermined
Foilsithe: Hà Nội Kinh tế Quốc dân 2008
Ábhair:
Clibeanna: Cuir Clib Leis
Gan Chlibeanna, Bí ar an gcéad duine leis an taifead seo a chlibeáil!
Thư viện lưu trữ: Trung tâm Học liệu Trường Đại học Cần Thơ
LEADER 00747nam a2200181Ia 4500
001 CTU_179414
008 210402s9999 xx 000 0 und d
082 |a 307.2 
082 |b D300 
245 0 |a Di chuyển để sống tốt hơn : 
245 0 |b Di dân nội thị tại thành phố Hồ Chí Minh và Hà Nội (Việt Nam) = Bouger pour vivre mieux : Les mobilites intra-urbaines a Ho Chi Minh ville et Hanoi (Viet Nam) 
245 0 |c Chủ biên: Nguyễn Thị Thiềng ... [et al.] 
260 |a Hà Nội 
260 |b Kinh tế Quốc dân 
260 |c 2008 
650 |a Population,Movement of people to,Communities 
904 |i Năm 
980 |a Trung tâm Học liệu Trường Đại học Cần Thơ